000 00503nam a2200181Ia 4500
001 13214
005 20260306163037.0
008 260306t2015||||xx |||||||||||||| ||spa||
041 _aESP
082 _a001.42
_bC12A
100 _aCaballero Romero, Alejandro
_eAUT
245 0 _aMetodología integral innovadora para planes y tesis:
_bla metodología del cómo formularlos
260 _c2015
300 _ali, 473 páginas :
_c23 cm.
650 _aGEN
654 _aCHU
942 _cLIB
_dJUS
_fJUS
_2ddc
_n
999 _c13214
_d13214